| 000 | 00425nam a2200157 a 4500 | ||
|---|---|---|---|
| 001 | 000031548 | ||
| 005 | 20200930063016.0 | ||
| 008 | 110627s1989 dr a 000 0 spa d | ||
| 040 |
_aDO-SdBNP _bspa _cBNPHU |
||
| 082 |
_axxxx _bM623h |
||
| 100 | 1 |
_aMiches Vicioso, Leda _957909 |
|
| 245 | 1 | 0 |
_aHojas al viento / _cLeda Miches Vicioso. |
| 260 |
_a[Santo Domingo : _bs.n., _c1989?]. |
||
| 300 |
_a68 p. ; _c20 p. |
||
| 049 | _aBNPD | ||
| 999 |
_c31040 _d31040 |
||